000 00396nam a22001457a 4500
005 20200619135141.0
008 200619b xxu||||| |||| 00| 0 eng d
082 _a345.4 LIC
110 _aALL INDIA REPORTER
_96216
245 _aLABOUR AND INDUSTRIAL CASES [1996] - P- II REPORTS
260 _aMUMBAAI
_bALL INDIA REPORTER Pvt. Ltd
_c1996
300 _a2818
650 _aLAW
_95701
942 _cJRL
999 _c7312
_d7310